LEADER 00859nam0-22003251i-450- 001 990003263110403321 005 20001010 010 $a0-09-128620-4 035 $a000326311 035 $aFED01000326311 035 $a(Aleph)000326311FED01 035 $a000326311 100 $a20000920d1977----km-y0itay50------ba 101 0 $aita 105 $ay-------001yy 200 1 $aINFERENTIAL STATISTICS FOR GEOGRAPHERS$eAn Introduction 205 $a1 210 $aLondon$cHutchinson & Co.$d1977 215 $app. 272 610 0 $aSezione Statistica 676 $a050.019 700 1$aNorcliffe,$bG. B.$0129874 801 0$aIT$bUNINA$gRICA$2UNIMARC 901 $aBK 912 $a990003263110403321 952 $a050.019.NOR$b2399$fDECGE 959 $aDECGE 996 $aINFERENTIAL STATISTICS FOR GEOGRAPHERS$9451034 997 $aUNINA DB $aING01 LEADER 01855nam0 2200421 i 450 001 VAN0103913 005 20220221040504.953 017 70$2N$a978-3-319-08843-3 100 $a20151130d2014 |0itac50 ba 101 $aeng 102 $aCH 105 $a|||| ||||| 200 1 $aMultistage stochastic optimization$fGeorg Ch. Pflug, Alois Pichler 210 $aCham$cSpringer$d2014 215 $aXIV, 301 p.$cill.$d24 cm 410 1$1001VAN0049474$12001 $aSpringer series in operations research$1210 $aBerlin [etc.]$cSpringer 500 1$3VAN0241049$aMultistage stochastic optimization$91409830 606 $a90C90$xApplications of mathematical programming [MSC 2020]$3VANC019710$2MF 606 $a90C15$xStochastic programming [MSC 2020]$3VANC021355$2MF 606 $a90B50$xManagement decision making, including multiple objectives [MSC 2020]$3VANC025286$2MF 610 $aDistributionally robust decisions$9KW:K 610 $aModel ambiguity$9KW:K 610 $aMultistage decisions$9KW:K 610 $aScenario generation$9KW:K 610 $aStochastic Optimization$9KW:K 610 $aWasserstein and nested distances$9KW:K 620 $aCH$dCham$3VANL001889 700 1$aPflug$bGeorg Ch.$3VANV081001$0721262 701 1$aPichler$bAlois$3VANV081002$0721261 712 $aSpringer $3VANV108073$4650 801 $aIT$bSOL$c20240614$gRICA 856 4 $uhttp://dx.doi.org/10.1007/978-3-319-08843-3$zE-book ? Accesso al full-text attraverso riconoscimento IP di Ateneo, proxy e/o Shibboleth 899 $aBIBLIOTECA CENTRO DI SERVIZIO SBA$2VAN15 912 $fN 912 $aVAN0103913 950 $aBIBLIOTECA CENTRO DI SERVIZIO SBA$d15CONS SBA EBOOK 4524 $e15EB 4524 20191106 996 $aMultistage stochastic optimization$91409830 997 $aUNICAMPANIA